Histórias do barco da velha (Registo nº 1121)

Detalhes MARC
000 -Etiqueta do registo
Cabeçalho 00778nam0a2200265 n 4500
005 - Identificador da versão
Campo de controlo 20240813121826.0
010 ## - Número internacional normalizado dos livros (ISBN)
Número (ISBN) 9789898213266
021 ## - Número do Depósito Legal
Código do país PT
Número 305857/10
100 ## - Dados gerais de processamento
Dados gerais de processamento 20150907d2010 d y0pory5003 ba
102 ## - Pais de publicação ou produção
País de publicação Portugal
101 0# - Língua de publicação
Língua do texto, banda sonora, etc. Português
Língua do documento no original Português
215 ## - Descrição física 
Indicação específica da natureza do documento e extensão da espécie [32] p.
Outras indicações físicas il. color
200 1# - Titulo e menção de responsabilidade
Título próprio Histórias do barco da velha
Primeira menção de responsabilidade Pedro Teixeira Neves
Outras menções de responsabilidade il. Rute Reimão
225 2# - Colecção 
Título próprio da colecção Oito por um cordel
205 ## - Menção da edição
Menção da edição 1ª ed
210 ## - Publicação, Distribuição, etc. 
Lugar da edição, distribuição, etc. Porto
Nome do editor, distribuidor, etc. Trinta por uma linha
Data da publicação, distribuição, etc. 2010
606 ## - Nome comum usado como assunto
Número de registo de entrada de autoridade 0002010
Palavra de ordem Literatura portuguesa
Subdivisão de assunto Conto
Código do sistema CA
675 ## - Classificação Decimal Universal (CDU)
Notação 821.134.3-34
Edição 3ª ed.
Língua da edição por
701 #1 - Nome de autor-pessoa física (co-responsabilidade principal)
Palavra de ordem Reimão
Outra parte do nome não tomada para palavra de ordem Rute
Código de função Ilustrador / Técnico de desenho computorizado
700 #1 - Nome de autor-pessoa física (responsabilidade principal)
Número de registo de entrada de autoridade 0002412
Palavra de ordem Neves
Outra parte do nome não tomada para palavra de ordem Pedro Teixeira
Datas 1969-
966 ## - Identificação da Biblioteca
Sigla EB2,3ENM
942 ## - Elementos de entrada adicionados (Koha)
Tipo de item no Koha Livro
Exemplares
Situação do levantamento Origin of item (home branch) (coded) Biblioteca de empréstimo Código de barras Cota Circulation type (not for loan) Tipo de documento Nota do exemplar Damaged status
  Biblioteca Escolar Eng. Nuno Mergulhão Biblioteca Escolar Eng. Nuno Mergulhão BENM2028 8POR NEV   Livro Sem mensagem  
  Biblioteca Escolar Eng. Nuno Mergulhão Biblioteca Escolar Eng. Nuno Mergulhão BENM2065 82LP-34 NEV   Livro Sem mensagem